Mijaíl Osorguín, Dans une bourgade paisible de France. Traducido del ruso por Claire Delaunay. Presentado y anotado por Leonid Livak. Verdier, «Poustiaki», 2025, 288 páginas, 22 €. (notice n° 1716442)

détails MARC
000 -LEADER
fixed length control field 00762cam a2200157 4500500
005 - DATE AND TIME OF LATEST TRANSACTION
control field 20260322001628.0
041 ## - LANGUAGE CODE
Language code of text/sound track or separate title fre
042 ## - AUTHENTICATION CODE
Authentication code dc
100 10 - MAIN ENTRY--PERSONAL NAME
Personal name Malcor, Marc
Relator term author
245 00 - TITLE STATEMENT
Title Mijaíl Osorguín, Dans une bourgade paisible de France. Traducido del ruso por Claire Delaunay. Presentado y anotado por Leonid Livak. Verdier, «Poustiaki», 2025, 288 páginas, 22 €.
260 ## - PUBLICATION, DISTRIBUTION, ETC.
Date of publication, distribution, etc. 2025.<br/>
500 ## - GENERAL NOTE
General note 66
520 ## - SUMMARY, ETC.
Summary, etc. Artemisia, expuesta en el Museo Jacquemart-André, es un retrato de aquellas mujeres que se rebelan contra la violencia masculina, haciéndose eco de su propia historia.
786 0# - DATA SOURCE ENTRY
Note Études | Jui | 6 | 2025-05-21 | p. 121-121
856 41 - ELECTRONIC LOCATION AND ACCESS
Uniform Resource Identifier <a href="https://shs.cairn.info/revista-etudes-2025-6-page-121?lang=es&redirect-ssocas=7080">https://shs.cairn.info/revista-etudes-2025-6-page-121?lang=es&redirect-ssocas=7080</a>

Pas d'exemplaire disponible.

PLUDOC

PLUDOC est la plateforme unique et centralisée de gestion des bibliothèques physiques et numériques de Guinée administré par le CEDUST. Elle est la plus grande base de données de ressources documentaires pour les Étudiants, Enseignants chercheurs et Chercheurs de Guinée.

Adresse

627 919 101/664 919 101

25 boulevard du commerce
Kaloum, Conakry, Guinée

Réseaux sociaux

Powered by Netsen Group @ 2025